01021nam a2200277 a 45000010008000000030012000080050017000200080041000370100017000780200015000950400017001100430012001270500024001390820020001631000026001832450047002092600102002563000033003585040064003916500082004557000020005379060045005579420012006029990017006149520112006312494392NUST - PNEC20170116181115.0910607s1990 enka b 001 0 eng  a 91160031  a1854090585 aDLCcLIBRARY ae-gx---00aJX5437.8b.E94 199000a940.545 GAS220 913175aGaskin, Hilary00aEyewitnesses at Nurembergc Hilary Gaskin. aLondon :bArms and Armour ;aNew York, NY :bDistributed in the USA by Sterling Pub. Co.,cc.1990 axx, 192 p. :bill. ;c24 cm. aIncludes bibliographical references (p. 185-186) and index. 0aNuremberg Trial of Major German War Criminals, Nuremberg, Germany, 1945-1946.1 aGaskin, Hilary. a7bcbccorignewd2encipf19gy-gencatlg 2ddccBK c69303d69303 00102ddc4070aPNECbPNECcWING-Bd0000-00-00l0o940.545 GASpPNECLIB-016899r2015-10-04w0000-00-00yBK